Jesus, Man of Joy (Record no. 10044)

MARC details
000 -LEADER
fixed length control field 00679nam a2200253 a 4500
020 ## - INTERNATIONAL STANDARD BOOK NUMBER
ISBN 0913367
082 00 - DEWEY DECIMAL CLASSIFICATION NUMBER
Classification number 232.904
Author Cutter WIR
100 ## - MAIN ENTRY--AUTHOR NAME
Author name Wirt, Sherwood Eliot
245 ## - TITLE STATEMENT
Title Jesus, Man of Joy
Sub title an Experience of Worship
260 ## - PUBLICATION, DISTRIBUTION, ETC. (IMPRINT)
Place of publication Nashville
Name of publisher Thomas Nelson Publishers
Year of publication 1991
300 ## - PHYSICAL DESCRIPTION
Number of Pages 159p
500 ## - GENERAL NOTE
General note includes index and biblioraphy
505 2# - FORMATTED CONTENTS NOTE
Formatted contents note Index
650 ## - SUBJECT ADDED ENTRY--TOPICAL TERM
Topical Term Jesus Christ-Person and Offices
650 ## - SUBJECT ADDED ENTRY--TOPICAL TERM
Topical Term Joy-Religious Aspect
942 ## - ADDED ENTRY ELEMENTS (KOHA)
Koha item type Books
700 1# -
-- Wirt, Sherwood Eliot
Holdings
Collection code Home library Current library Date acquired Cost, normal purchase price Full call number Accession Number Koha item type
  Henry Martyn Institute Library Henry Martyn Institute Library 06/19/2007 100.00 232.904 WIR 015099 Books
                   Copyright © 2026 | Henry Martyn Institute | Hyderabad | TS-500052 | INDIA | Implemented by hmi.edu.in
Hit-Count:

Powered by Koha